[Event "RUS-chT U14"]
[Site "Sochi"]
[Date "2016.05.07"]
[Round "6.3"]
[White "Petrovskiy, Andrey"]
[Black "Dunaev, Denis"]
[Result "1-0"]
[WhiteElo "1616"]
[BlackElo "1628"]
[PlyCount "53"]
[EventDate "2016.05.01"]
[EventType "team-tourn"]
[EventRounds "9"]
[EventCountry "RUS"]
[SourceTitle "EXT 2018"]
[Source "ChessBase"]
[SourceDate "2017.10.13"]
[SourceVersion "1"]
[SourceVersionDate "2017.10.13"]
[SourceQuality "1"]

1. d4 d5 2. c4 e6 3. Nc3 Nf6 4. cxd5 exd5 5. Bg5 Be7 6. e3 0-0 7. Bd3 c6 8. Nge2 h6 9. Bh4 Nbd7 10. 0-0 Nb6 11. f3 Re8 12. Bf2 Bd6 13. h3 Bd7 14. e4 Bc7 15. e5 Nh7 16. Qc2 Nf8 17. f4 f6 18. Bh4 Ne6 19. exf6 gxf6 20. Bh7+ Kf8 21. Qg6 Ng7 22. Bxf6 Re7 23. Ng3 Qe8 24. Qxh6 Rf7 25. Rae1 Qc8 26. Bg6 Rxf6 27. Qh8# 1-0

[Event "EU-ch U10 25th"]
[Site "Porec"]
[Date "2015.09.25"]
[Round "5"]
[White "Dunaev, Denis"]
[Black "Zaiarski, Stepan"]
[Result "1/2-1/2"]
[WhiteElo "1532"]
[BlackElo "1636"]
[PlyCount "80"]
[EventDate "2015.09.21"]
[EventType "swiss"]
[EventRounds "9"]
[EventCountry "CRO"]
[SourceTitle "EXT 2016"]
[Source "ChessBase"]
[SourceDate "2015.10.08"]
[SourceVersion "1"]
[SourceVersionDate "2015.10.08"]
[SourceQuality "1"]

1. c4 e5 2. Nc3 Nf6 3. Nf3 Nc6 4. g3 Bc5 5. Bg2 d6 6. d3 Be6 7. Bd2 0-0 8. 0-0 h6 9. a3 a5 10. Qb3 Qd7 11. Na4 Ba7 12. Rac1 b5 13. Nc3 bxc4 14. dxc4 Rab8 15. Qa2 d5 16. cxd5 Nxd5 17. Nxd5 Qxd5 18. Qxd5 Bxd5 19. Bc3 f6 20. Rfd1 Rfd8 21. Rd2 Be4 22. Rcd1 Bd4 23. Nxd4 Bxg2 24. Nxc6 Rxd2 25. Rxd2 Bxc6 26. Bxa5 Rb7 27. Bb4 Kf7 28. f3 Ke6 29. Kf2 Ba4 30. Ke3 c6 31. Rd8 c5 32. Bc3 Bd7 33. Ra8 Kd5 34. Ra5 Kc4 35. Ra6 Kd5 36. a4 Bc6 37. Ra8 Kc4 38. Ra6 Kd5 39. Ra8 Kc4 40. Ra6 Kd5 1/2-1/2

[Event "EU-ch U10 25th"]
[Site "Porec"]
[Date "2015.09.24"]
[Round "4"]
[White "Zlatanovic, Marcus"]
[Black "Dunaev, Denis"]
[Result "0-1"]
[WhiteElo "1207"]
[BlackElo "1532"]
[PlyCount "78"]
[EventDate "2015.09.21"]
[EventType "swiss"]
[EventRounds "9"]
[EventCountry "CRO"]
[SourceTitle "EXT 2016"]
[Source "ChessBase"]
[SourceDate "2015.10.08"]
[SourceVersion "1"]
[SourceVersionDate "2015.10.08"]
[SourceQuality "1"]

1. e4 e6 2. d4 d5 3. e5 c5 4. c3 Nc6 5. Nf3 Nge7 6. Be2 Ng6 7. Be3 Qb6 8. b3 Bd7 9. Nbd2 cxd4 10. cxd4 Bb4 11. 0-0 0-0 12. Qc2 Rac8 13. Qb2 Qa5 14. Rac1 Ba3 15. Qc3 Bxc1 16. Qxc1 Nb4 17. Qb1 Nc2 18. Rd1 Nxe3 19. fxe3 Bb5 20. Bf1 Bxf1 21. Kxf1 Rc3 22. Kf2 Rfc8 23. e4 h6 24. exd5 exd5 25. h4 Qd8 26. h5 Nf4 27. g4 Ne6 28. Kg3 Ng5 29. Qf5 Qe7 30. Kg2 Nxf3 31. Nxf3 Qe6 32. Qf4 Rc2+ 33. Kg3 Re2 34. g5 Re4 35. Qd2 Rg4+ 36. Kf2 hxg5 37. Nxg5 Qf5+ 38. Nf3 Rc2 39. Qxc2 Qxc2+ 0-1